000 00251nam a2200109Ia 4500
008 200302s9999 xx 000 0 und d
100 _aTrewin Copplestone
245 _aBehind Facades
260 _bMacmillan Company
260 _c1995
300 _a79 P.,
999 _c1840
_d1840